[Event "FIDE Grand Swiss Tournament 2019"]
[Site "Douglas ENG"]
[Date "2019.10.12"]
[Round "3"]
[White "Vitiugov, Nikita"]
[Black "Motylev, Alexander"]
[Result "1-0"]
[WhiteElo "2732"]
[BlackElo "2651"]
[PlyCount "121"]
[EventDate "2019.10.10"]

1. c4 e5 2. Nc3 Nf6 3. Nf3 Nc6 4. e4 Bb4 5. d3 d6 6. a3 Bc5 7. b4 Bb6 8. Na4
Bd4 9. Rb1 Bg4 10. Be2 Bxf3 11. Bxf3 O-O 12. O-O a6 13. Bd2 Ba7 14. g3 Nd4 15.
Bg2 Nd7 16. Nc3 c6 17. Kh1 a5 18. f4 axb4 19. axb4 Bb6 20. Na4 Ba7 21. f5 f6
22. Be3 Qe7 23. Rf2 b5 24. Nc3 Bb6 25. Qc1 Rfc8 26. Bf1 Kh8 27. g4 Qe8 28. h4
Ra6 29. Kh2 Rca8 30. cxb5 cxb5 31. Nd5 Ra2 32. Nxb6 Nxb6 33. Qc7 h5 34. Qxb6
Rxf2+ 35. Bxf2 Qc8 36. Bxd4 Qc2+ 37. Bg2 exd4 38. Rg1 Qf2 39. Rf1 Qxh4+ 40. Kg1
hxg4 41. Qxd4 g3 42. Ra1 Rc8 43. Qb2 Qf4 44. Re1 Qh6 45. Qe2 Rc3 46. Qg4 Qd2
47. Qxg3 Rxd3 48. Qh4+ Kg8 49. Ra1 Qe3+ 50. Kh2 Kf7 51. Ra8 Ke7 52. Rb8 Kd7 53.
Rb7+ Kc6 54. Rxg7 Kb6 55. Rg3 Qe1 56. Rh3 Rxh3+ 57. Kxh3 Qxb4 58. Qxf6 Qd2 59.
e5 Qe3+ 60. Kg4 Qd4+ 61. Kh5 1-0

[Event "FIDE Grand Swiss Tournament 2019"]
[Site "Douglas ENG"]
[Date "2019.10.12"]
[Round "3"]
[White "Papaioannou, Ioannis"]
[Black "Svidler, Peter"]
[Result "1/2-1/2"]
[WhiteElo "2645"]
[BlackElo "2729"]
[PlyCount "62"]
[EventDate "2019.10.10"]

1. d4 Nf6 2. Nf3 g6 3. Bg5 Bg7 4. e3 O-O 5. Nbd2 d6 6. Bc4 c5 7. c3 Qb6 8. Qb3
Qc7 9. O-O b6 10. Bd3 Nc6 11. Qd1 a6 12. Rc1 b5 13. a4 Rb8 14. b3 Bd7 15. h3
cxd4 16. cxd4 Qb6 17. axb5 Nb4 18. Be2 axb5 19. Bxf6 Bxf6 20. Ne4 Bg7 21. Nc3
Bc6 22. Qd2 Na6 23. Rfd1 Rfc8 24. Ne1 e6 25. Bf3 d5 26. Nd3 Bf8 27. Na2 Be8 28.
b4 Nc7 29. Nc5 Bc6 30. Nc3 Ne8 31. e4 dxe4 1/2-1/2

[Event "FIDE Grand Swiss Tournament 2019"]
[Site "Douglas ENG"]
[Date "2019.10.12"]
[Round "3"]
[White "Vidit, Santosh Gujrathi"]
[Black "Chigaev, Maksim"]
[Result "1-0"]
[WhiteElo "2718"]
[BlackElo "2644"]
[PlyCount "77"]
[EventDate "2019.10.10"]

1. c4 Nf6 2. Nc3 g6 3. g3 Bg7 4. Bg2 O-O 5. d4 Nc6 6. e3 e5 7. d5 Nb8 8. d6
cxd6 9. Qxd6 Nc6 10. Nge2 Ne8 11. Qd3 f5 12. e4 Nc7 13. O-O Ne6 14. f4 Nb4 15.
Qd1 fxe4 16. Bxe4 d5 17. Nxd5 Nxd5 18. Bxd5 Qb6+ 19. Kg2 Kh8 20. fxe5 Rxf1 21.
Qxf1 Bd7 22. Qf2 Qb4 23. Nf4 Rf8 24. Qe2 Nd4 25. Qe4 Nf5 26. Nd3 Qa4 27. b3 Qa5
28. Bf4 Ne7 29. Bxb7 Bf5 30. Qe3 Qc3 31. Rd1 Qc2+ 32. Rd2 Qb1 33. Nf2 g5 34.
Bxg5 Ng6 35. Rd8 Rxd8 36. Bxd8 Nxe5 37. Bc7 Qb2 38. Bxe5 Bxe5 39. Qf3 1-0

[Event "FIDE Grand Swiss Tournament 2019"]
[Site "Douglas ENG"]
[Date "2019.10.12"]
[Round "3"]
[White "Bluebaum, Matthias"]
[Black "Matlakov, Maxim"]
[Result "1/2-1/2"]
[WhiteElo "2643"]
[BlackElo "2716"]
[PlyCount "61"]
[EventDate "2019.10.10"]

1. d4 Nf6 2. c4 e6 3. Nf3 d5 4. Nc3 c6 5. e3 Nbd7 6. Be2 Bd6 7. O-O O-O 8. a4
a5 9. Qc2 Qe7 10. Rd1 Re8 11. b3 b6 12. e4 Nxe4 13. Nxe4 dxe4 14. Qxe4 Bb7 15.
Ne5 f5 16. Qe3 Nf6 17. Bb2 c5 18. Bf3 Bxf3 19. gxf3 Nh5 20. dxc5 Bxc5 21. Bd4
Qh4 22. Bxc5 bxc5 23. Qxc5 Nf4 24. Kh1 Rad8 25. Qe3 Nh3 26. Rxd8 Rxd8 27. Rf1
Nf4 28. Rg1 Nh3 29. Rf1 Nf4 30. Rg1 Nh3 31. Rf1 1/2-1/2

[Event "FIDE Grand Swiss Tournament 2019"]
[Site "Douglas ENG"]
[Date "2019.10.12"]
[Round "3"]
[White "Lupulescu, Constantin"]
[Black "Amin, Bassem"]
[Result "1/2-1/2"]
[WhiteElo "2643"]
[BlackElo "2699"]
[PlyCount "62"]
[EventDate "2019.10.10"]

1. e4 c6 2. d4 d5 3. Nc3 dxe4 4. Nxe4 Bf5 5. Ng3 Bg6 6. h4 h6 7. Nf3 Nd7 8. h5
Bh7 9. Bd3 Bxd3 10. Qxd3 e6 11. Bd2 Ngf6 12. O-O-O Be7 13. Ne4 Nxe4 14. Qxe4
Nf6 15. Qe2 Qd5 16. c4 Qe4 17. Qxe4 Nxe4 18. Be3 f5 19. Nd2 Nxd2 20. Kxd2 Kf7
21. Ke2 Rhd8 22. Rd3 Rd7 23. Rhd1 Rad8 24. f3 Bf6 25. b3 a6 26. R1d2 Rd6 27.
Rd1 R6d7 28. g4 b5 29. R1d2 Ke7 30. Rd1 Kf7 31. R1d2 Ke7 1/2-1/2

[Event "FIDE Grand Swiss Tournament 2019"]
[Site "Douglas ENG"]
[Date "2019.10.12"]
[Round "3"]
[White "So, Wesley"]
[Black "Volokitin, Andrei"]
[Result "1/2-1/2"]
[WhiteElo "2767"]
[BlackElo "2627"]
[PlyCount "53"]
[EventDate "2019.10.10"]

1. e4 c5 2. Nc3 d6 3. d4 cxd4 4. Qxd4 Nc6 5. Qd2 g6 6. b3 Bh6 7. f4 f5 8. Bb2
Nf6 9. O-O-O Rf8 10. exf5 Bxf5 11. Bb5 Qb6 12. Nge2 Ne4 13. Nxe4 Bxe4 14. Bxc6+
Qxc6 15. Kb1 e5 16. Rhe1 O-O-O 17. g3 Bf3 18. Qa5 Bxe2 19. Rxe2 exf4 20. Qxa7
f3 21. Re7 Rd7 22. Qa8+ Kc7 23. Qa5+ Kc8 24. Qa8+ Kc7 25. Qa5+ Kc8 26. Qa8+ Kc7
27. Qa5+ 1/2-1/2

[Event "FIDE Grand Swiss Tournament 2019"]
[Site "Douglas ENG"]
[Date "2019.10.12"]
[Round "3"]
[White "Abasov, Nijat"]
[Black "Anand, Viswanathan"]
[Result "1/2-1/2"]
[WhiteElo "2632"]
[BlackElo "2765"]
[PlyCount "60"]
[EventDate "2019.10.10"]

1. d4 Nf6 2. c4 e6 3. Nf3 d5 4. Nc3 Bb4 5. Qa4+ Nc6 6. e3 O-O 7. Bd2 dxc4 8.
Bxc4 Bd6 9. Qc2 e5 10. dxe5 Nxe5 11. Nxe5 Bxe5 12. f4 Bxc3 13. Bxc3 Ng4 14. Bd4
c5 15. Bxc5 Re8 16. O-O Nxe3 17. Bxe3 Rxe3 18. Qf2 Qb6 19. Rfe1 Rxe1+ 20. Rxe1
Qxf2+ 21. Kxf2 Kf8 22. Rc1 Bf5 23. Bb3 Rc8 24. Rxc8+ Bxc8 25. Ke3 Ke7 26. Kd4
b6 27. Bd5 f6 28. g3 Kd6 29. a3 h6 30. b4 Bd7 1/2-1/2

[Event "FIDE Grand Swiss Tournament 2019"]
[Site "Douglas ENG"]
[Date "2019.10.12"]
[Round "3"]
[White "Jumabayev, Rinat"]
[Black "Karjakin, Sergey"]
[Result "0-1"]
[WhiteElo "2630"]
[BlackElo "2760"]
[PlyCount "80"]
[EventDate "2019.10.10"]

1. d4 Nf6 2. c4 e6 3. g3 Bb4+ 4. Bd2 Be7 5. Bg2 d5 6. Nf3 O-O 7. O-O Nbd7 8.
Qc2 c6 9. Bf4 b6 10. Rd1 Ba6 11. cxd5 cxd5 12. Ne5 Nxe5 13. dxe5 Ng4 14. h3 Rc8
15. Qa4 Bxe2 16. hxg4 b5 17. Qb3 Bxd1 18. Qxd1 b4 19. a3 a5 20. axb4 axb4 21.
Be3 Bc5 22. Bxc5 Rxc5 23. Nd2 Qc7 24. Nf3 Rc2 25. Ne1 Rxb2 26. Nd3 Rc2 27. Nxb4
Rc3 28. Nd3 h6 29. Bf1 Qb6 30. g5 hxg5 31. Qg4 Qb3 32. Ne1 Qb2 33. Rd1 Qb3 34.
Ra1 Qb2 35. Rd1 Qb3 36. Bd3 Rfc8 37. Qh5 Rc1 38. Be2 g6 39. Qg4 R8c4 40. Nd3
Rxd1+ 0-1

[Event "FIDE Grand Swiss Tournament 2019"]
[Site "Douglas ENG"]
[Date "2019.10.12"]
[Round "3"]
[White "Esipenko, Andrey"]
[Black "Aronian, Levon"]
[Result "0-1"]
[WhiteElo "2624"]
[BlackElo "2758"]
[PlyCount "78"]
[EventDate "2019.10.10"]

1. d4 Nf6 2. c4 e6 3. Nf3 d5 4. Nc3 Be7 5. Bf4 O-O 6. e3 Nbd7 7. c5 Nh5 8. Bd3
Nxf4 9. exf4 b6 10. c6 Nb8 11. Ne5 Bd6 12. a3 Bxe5 13. dxe5 Nxc6 14. Qh5 g6 15.
Qh6 f5 16. h4 Rf7 17. h5 g5 18. g4 Qf8 19. Qxg5+ Rg7 20. Qh4 Rxg4 21. Qh2 Qh6
22. Ne2 Bb7 23. Rc1 Rc8 24. b4 Kh8 25. f3 Rgg8 26. Kf2 Qf8 27. Bb5 Nb8 28. Nd4
c5 29. Nxe6 Qe7 30. Ng5 h6 31. e6 hxg5 32. fxg5 Qxg5 33. Qe5+ Qg7 34. Rhe1 Nc6
35. Bxc6 Rxc6 36. Qxg7+ Kxg7 37. Rg1+ Kh7 38. Rxg8 Kxg8 39. Rg1+ Kh7 0-1

[Event "FIDE Grand Swiss Tournament 2019"]
[Site "Douglas ENG"]
[Date "2019.10.12"]
[Round "3"]
[White "Harikrishna, Pentala"]
[Black "L'Ami, Erwin"]
[Result "1-0"]
[WhiteElo "2748"]
[BlackElo "2619"]
[PlyCount "115"]
[EventDate "2019.10.10"]

1. d4 d5 2. c4 e6 3. Nf3 Nf6 4. g3 dxc4 5. Bg2 c5 6. O-O Nc6 7. Na3 cxd4 8.
Nxc4 Be7 9. b3 O-O 10. Bb2 d3 11. e3 Bd7 12. Qxd3 Nb4 13. Qe2 Bb5 14. Rfd1 Qc7
15. Nd4 Ba6 16. a4 Bxc4 17. bxc4 Rac8 18. a5 a6 19. Rab1 b6 20. axb6 Qxb6 21.
Nb3 Qc7 22. c5 a5 23. Qb5 Nfd5 24. e4 Nf6 25. Rbc1 Nc6 26. Bc3 Rfd8 27. Rxd8+
Bxd8 28. Rd1 Rb8 29. Qa4 Qb7 30. Nd4 Nxd4 31. Rxd4 Bc7 32. Rd1 h6 33. Bxf6 gxf6
34. Rd7 Qb4 35. Qxb4 axb4 36. Rxc7 b3 37. Bf1 b2 38. Bd3 Rb3 39. Bb1 Rc3 40.
Kg2 Rc1 41. Bd3 Rc3 42. Rb7 Rxd3 43. Rxb2 Rc3 44. Rb8+ Kg7 45. Rc8 Kg6 46. c6
f5 47. exf5+ Kxf5 48. h4 e5 49. c7 h5 50. g4+ Kf6 51. f3 hxg4 52. fxg4 Kg7 53.
g5 e4 54. Kf2 Kh7 55. Ke2 e3 56. h5 Kg7 57. h6+ Kh7 58. Kf3 1-0

[Event "FIDE Grand Swiss Tournament 2019"]
[Site "Douglas ENG"]
[Date "2019.10.12"]
[Round "3"]
[White "Le, Quang Liem"]
[Black "Deac, Bogdan-Daniel"]
[Result "1/2-1/2"]
[WhiteElo "2708"]
[BlackElo "2613"]
[PlyCount "71"]
[EventDate "2019.10.10"]

1. e4 e5 2. Nf3 Nf6 3. Nxe5 d6 4. Nf3 Nxe4 5. d4 d5 6. Bd3 Bd6 7. O-O O-O 8. c4
c6 9. Nc3 Nxc3 10. bxc3 dxc4 11. Bxc4 Bf5 12. Bg5 Qa5 13. d5 Be4 14. dxc6 Bxf3
15. Qxf3 Nxc6 16. Bd5 Ne5 17. Qe4 Rae8 18. Rad1 b5 19. Bb3 Nc4 20. Qb7 Re6 21.
Rd5 Rb8 22. Qd7 Qc7 23. Qxc7 Bxc7 24. Bh4 h6 25. Rfd1 Rc6 26. Bg3 g6 27. Rd7
Rc8 28. Kf1 a5 29. a4 bxa4 30. Bxa4 Rc5 31. Bxc7 R8xc7 32. Rxc7 Rxc7 33. Bb3
Ne5 34. Rd5 Rxc3 35. Rxe5 Rxb3 36. Rxa5 1/2-1/2

[Event "FIDE Grand Swiss Tournament 2019"]
[Site "Douglas ENG"]
[Date "2019.10.12"]
[Round "3"]
[White "Huschenbeth, Niclas"]
[Black "Xiong, Jeffery"]
[Result "1/2-1/2"]
[WhiteElo "2624"]
[BlackElo "2708"]
[PlyCount "69"]
[EventDate "2019.10.10"]

1. e4 c6 2. d4 d5 3. Nd2 dxe4 4. Nxe4 Nf6 5. Nxf6+ exf6 6. c3 Bd6 7. Bd3 O-O 8.
Qc2 Re8+ 9. Ne2 h5 10. O-O h4 11. h3 Nd7 12. Be3 Nf8 13. Rad1 Bd7 14. Rfe1 Qc8
15. Nf4 Ne6 16. Nh5 Ng5 17. f4 Nxh3+ 18. gxh3 Bxh3 19. Qf2 Qg4+ 20. Kh2 Rxe3
21. Rxe3 Qxh5 22. Rxh3 Qxd1 23. Qxh4 Kf8 24. Qh8+ Ke7 25. Re3+ Kd7 26. Qxa8
Bxf4+ 27. Kg2 Qg4+ 28. Kf1 Bxe3 29. Qxb7+ Kd8 30. Qb8+ Kd7 31. Qxa7+ Ke8 32.
Qb8+ Kd7 33. Qb7+ Kd8 34. Qb8+ Kd7 35. Qb7+ 1/2-1/2

[Event "FIDE Grand Swiss Tournament 2019"]
[Site "Douglas ENG"]
[Date "2019.10.12"]
[Round "3"]
[White "Shankland, Sam"]
[Black "Van Foreest, Jorden"]
[Result "1/2-1/2"]
[WhiteElo "2705"]
[BlackElo "2621"]
[PlyCount "123"]
[EventDate "2019.10.10"]

1. d4 Nf6 2. c4 g6 3. Nc3 Bg7 4. e4 d6 5. h3 e5 6. d5 a5 7. Bd3 Na6 8. Nge2 O-O
9. Bg5 c6 10. O-O Bd7 11. Ng3 h6 12. Be3 h5 13. Bg5 Qe8 14. Qd2 cxd5 15. cxd5
Nc5 16. Bc2 b5 17. Rfc1 b4 18. Nd1 Qb8 19. b3 Rc8 20. Nb2 Nh7 21. Be3 h4 22.
Nh1 f5 23. f3 f4 24. Bf2 Bf6 25. Bd1 Bd8 26. Kh2 Na6 27. Rxc8 Qxc8 28. Nc4 Qb8
29. Be2 Nf6 30. Bg1 g5 31. Nf2 Bb5 32. Nb2 Bd7 33. Nfd1 Bb6 34. Bxa6 Bxg1+ 35.
Kxg1 Qb6+ 36. Nf2 Rxa6 37. Nc4 Qa7 38. a4 Be8 39. Rc1 Nd7 40. Kf1 Qb8 41. Nd3
Kf7 42. Ke1 Ke7 43. Kd1 Qa7 44. Kc2 Qb8 45. Kb2 Qa7 46. Ka2 Qb8 47. Qb2 Bf7 48.
Rc2 Be8 49. Qc1 Kd8 50. Qe1 Ke7 51. Qd2 Qa7 52. Qc1 Qb8 53. Ncb2 Kd8 54. Rc6
Rxc6 55. Qxc6 Nb6 56. Nxe5 Ke7 57. Nbd3 Kf8 58. Qc1 dxe5 59. Qc5+ Kf7 60. Qxa5
Qc7 61. Nxb4 Bxa4 62. bxa4 1/2-1/2

[Event "FIDE Grand Swiss Tournament 2019"]
[Site "Douglas ENG"]
[Date "2019.10.13"]
[Round "4"]
[White "Caruana, Fabiano"]
[Black "Wang, Hao"]
[Result "1/2-1/2"]
[WhiteElo "2812"]
[BlackElo "2726"]
[PlyCount "91"]
[EventDate "2019.10.10"]

1. e4 e5 2. Nf3 Nf6 3. Nxe5 d6 4. Nf3 Nxe4 5. d4 d5 6. Bd3 Bd6 7. O-O O-O 8. c4
c6 9. Re1 Bf5 10. Qb3 Qd7 11. Nc3 Nxc3 12. Bxf5 Qxf5 13. Qxb7 Qd7 14. Qxd7 Nxd7
15. c5 Bxh2+ 16. Nxh2 Ne4 17. Bf4 Rfe8 18. f3 Nef6 19. Nf1 Nf8 20. Be5 Ne6 21.
Rad1 a5 22. Ne3 Nd7 23. Bd6 g6 24. Rd3 Ra7 25. Nc2 h5 26. Ra3 Rea8 27. Ra4 Ng7
28. Bf4 Nf5 29. Bd2 Nf8 30. Kh2 Ne6 31. g4 hxg4 32. fxg4 Nh4 33. Kg3 g5 34. Ra3
Ng6 35. Rb3 Ngf4 36. Rb6 Kg7 37. Rh1 Rc7 38. Bc3 Kg6 39. Kf3 Ng7 40. a4 Nfe6
41. b4 axb4 42. Nxb4 Rxa4 43. Nxc6 f6 44. Ke3 Ra3 45. Rc1 Ra8 46. Ra1 1/2-1/2

[Event "FIDE Grand Swiss Tournament 2019"]
[Site "Douglas ENG"]
[Date "2019.10.13"]
[Round "4"]
[White "Cheparinov, Ivan"]
[Black "Vitiugov, Nikita"]
[Result "1/2-1/2"]
[WhiteElo "2670"]
[BlackElo "2732"]
[PlyCount "173"]
[EventDate "2019.10.10"]

1. d4 Nf6 2. c4 e6 3. Nf3 a6 4. Nc3 d5 5. cxd5 exd5 6. Bg5 Be6 7. e3 Nbd7 8.
Bd3 h6 9. Bh4 g5 10. Bg3 Nh5 11. Be5 Nhf6 12. Qb3 g4 13. Bxf6 Qxf6 14. Ne5 Nxe5
15. dxe5 Qxe5 16. Qxb7 Rd8 17. Qc6+ Ke7 18. O-O h5 19. Rae1 Kf6 20. e4 Bd6 21.
g3 d4 22. Nd5+ Kg7 23. h4 gxh3 24. f4 Bxd5 25. exd5 Qf6 26. Rf3 Rhg8 27. Qc2
Rde8 28. Ref1 Kf8 29. Qh2 h4 30. Qxh3 hxg3 31. Rxg3 Rh8 32. Qg4 Re3 33. Rff3
Rxf3 34. Qxf3 Bxf4 35. d6 Qxd6 36. Qa8+ Ke7 37. Qxh8 Bxg3 38. Qh7 Qf4 39. Qe4+
Qxe4 40. Bxe4 Kd6 41. Kg2 Bf4 42. Bd3 a5 43. Kf3 Bc1 44. b3 Ke5 45. a4 Bd2 46.
Bc4 f5 47. Bd3 f4 48. Ke2 Be3 49. Bc2 Kd5 50. Bd1 Kc5 51. Kd3 Kb4 52. Kc2 Bf2
53. Be2 Be1 54. Bd1 Bc3 55. Be2 Kc5 56. Kd3 Kd5 57. Bf3+ Kc5 58. Kc2 Kb4 59.
Be2 c5 60. Bc4 f3 61. Bd5 f2 62. Bc4 Be1 63. Bf1 c4 64. Bxc4 Kc5 65. Kd1 Kd6
66. Ke2 Ke5 67. Kf3 Kf5 68. Bd3+ Kg5 69. Be2 Kf5 70. Bd3+ Ke5 71. Bc4 Kd6 72.
Ke2 Kc6 73. Kd1 Kc5 74. Bd3 Kd6 75. Ke2 Kd5 76. b4 axb4 77. a5 b3 78. a6 Kc6
79. Kf1 Kb6 80. Ke2 Bb4 81. Kxf2 Bc5 82. Bc4 b2 83. Bd3 Ka5 84. Ke2 Kb4 85. Kd2
Kb3 86. Bb1 Bb6 87. Kd3 1/2-1/2

[Event "FIDE Grand Swiss Tournament 2019"]
[Site "Douglas ENG"]
[Date "2019.10.13"]
[Round "4"]
[White "Maghsoodloo, Parham"]
[Black "Vidit, Santosh Gujrathi"]
[Result "1-0"]
[WhiteElo "2664"]
[BlackElo "2718"]
[PlyCount "95"]
[EventDate "2019.10.10"]

1. c4 c5 2. Nf3 Nc6 3. b3 Nf6 4. Bb2 d5 5. cxd5 Nxd5 6. Nc3 e5 7. e3 Nxc3 8.
Bxc3 Bd6 9. Bb5 Qe7 10. Bxc6+ bxc6 11. d3 Ba6 12. Qc2 Rd8 13. Ba5 Rd7 14. Nd2
O-O 15. Nc4 f5 16. e4 Qg5 17. f3 Rf6 18. h4 Qg3+ 19. Qf2 Qg6 20. h5 Qf7 21. Qc2
Rh6 22. O-O-O Rxh5 23. Nxd6 Rxd6 24. Rxh5 Qxh5 25. Qxc5 Qh6+ 26. Kc2 fxe4 27.
fxe4 Qf6 28. Qxa7 c5 29. Bc3 Qf2+ 30. Rd2 Bxd3+ 31. Kb2 Qf1 32. Qb8+ Qf8 33.
Qxf8+ Kxf8 34. Bxe5 Rd7 35. Kc3 Bb5 36. Rxd7 Bxd7 37. Kc4 Bc6 38. Kxc5 Bxe4 39.
Kd6 Bxg2 40. b4 Ke8 41. Kc7 Ke7 42. b5 Ke6 43. Bd6 h5 44. b6 h4 45. a4 g5 46.
a5 Bb7 47. Kxb7 Kxd6 48. Kc8 1-0

[Event "FIDE Grand Swiss Tournament 2019"]
[Site "Douglas ENG"]
[Date "2019.10.13"]
[Round "4"]
[White "Kovalev, Vladislav"]
[Black "Carlsen, Magnus"]
[Result "1/2-1/2"]
[WhiteElo "2661"]
[BlackElo "2876"]
[PlyCount "93"]
[EventDate "2019.10.10"]

1. e4 c5 2. Nf3 d6 3. Bb5+ Bd7 4. Bxd7+ Qxd7 5. c4 e5 6. Nc3 Nc6 7. d3 Be7 8.
a3 Bd8 9. O-O Nge7 10. b4 O-O 11. bxc5 dxc5 12. Nd5 Ng6 13. Be3 b6 14. Nd2 f5
15. exf5 Qxf5 16. Ne4 Nf4 17. g3 Qg6 18. Kh1 Nxd5 19. cxd5 Ne7 20. d6 Nf5 21.
Qb3+ Kh8 22. Qd5 Bf6 23. Rae1 Rad8 24. f4 Nxe3 25. Rxe3 exf4 26. Rxf4 h6 27. d7
Be7 28. Ref3 Rxf4 29. Rxf4 b5 30. Nxc5 Bxc5 31. Qxc5 Kh7 32. Qd5 Qg5 33. Qe4+
Qg6 34. Qd5 Qg5 35. Qd6 Qg6 36. Qc7 Qg5 37. Qd6 Qg6 38. Qc7 Qg5 39. Qc6 Qe7 40.
Qxb5 Rxd7 41. Qf5+ g6 42. Qf8 Qxf8 43. Rxf8 Kg7 44. Ra8 Kf6 45. Kg2 Rxd3 46.
Rxa7 Rd2+ 47. Kg1 1/2-1/2

[Event "FIDE Grand Swiss Tournament 2019"]
[Site "Douglas ENG"]
[Date "2019.10.13"]
[Round "4"]
[White "Ganguly, Surya Shekhar"]
[Black "Yu, Yangyi"]
[Result "1/2-1/2"]
[WhiteElo "2658"]
[BlackElo "2763"]
[PlyCount "74"]
[EventDate "2019.10.10"]

1. c4 e5 2. g3 c6 3. Nf3 e4 4. Nd4 d5 5. cxd5 Qxd5 6. Nc2 Nf6 7. Nc3 Qe5 8. Bg2
Na6 9. Rb1 Nb4 10. Nxb4 Bxb4 11. Qa4 a5 12. a3 Bxc3 13. dxc3 O-O 14. Be3 Bf5
15. Rd1 Qe6 16. O-O Bh3 17. Bd4 Bxg2 18. Kxg2 b5 19. Qc2 Nd5 20. c4 bxc4 21.
Rc1 Qg4 22. e3 Qf3+ 23. Kg1 Nc7 24. Qd1 Qf5 25. Rxc4 Ne6 26. Rxc6 Rfd8 27. Qc2
h5 28. f3 Nxd4 29. exd4 Rxd4 30. fxe4 Qxe4 31. Rc8+ Rxc8 32. Qxc8+ Kh7 33. Qf5+
Qxf5 34. Rxf5 Kg6 35. Rxa5 Rd1+ 36. Kf2 Rd2+ 37. Kf3 Rxb2 1/2-1/2

[Event "FIDE Grand Swiss Tournament 2019"]
[Site "Douglas ENG"]
[Date "2019.10.13"]
[Round "4"]
[White "Karjakin, Sergey"]
[Black "Demchenko, Anton"]
[Result "1-0"]
[WhiteElo "2760"]
[BlackElo "2655"]
[PlyCount "91"]
[EventDate "2019.10.10"]

1. e4 c5 2. Nf3 d6 3. d4 cxd4 4. Nxd4 Nf6 5. Nc3 Nc6 6. Bg5 e6 7. Qd2 a6 8.
O-O-O Bd7 9. f4 Be7 10. Nf3 b5 11. Bxf6 gxf6 12. f5 Qb6 13. Qh6 O-O-O 14. Qh5
Rhf8 15. Kb1 Kb8 16. Bd3 Bc8 17. Rhe1 Qc7 18. Bf1 Na5 19. fxe6 fxe6 20. Nd4 Nc6
21. Ncxb5 axb5 22. Qxb5+ Bb7 23. Nxe6 Qa5 24. Qxa5 Nxa5 25. Re3 Rc8 26. Nxf8
Bxf8 27. Bd3 Nc4 28. Rf3 Bh6 29. Rh3 Bf4 30. Rxh7 Be5 31. c3 Ne3 32. Rd2 Nc4
33. Re2 Ba6 34. Ka1 Rc6 35. h4 Rb6 36. Bxc4 Bxc4 37. Re3 d5 38. exd5 Ra6 39. a3
Rd6 40. h5 Rxd5 41. Re1 Rd8 42. Re7 Rh8 43. Rh1 Bd5 44. h6 Bxg2 45. Rg1 Be4 46.
h7 1-0

[Event "FIDE Grand Swiss Tournament 2019"]
[Site "Douglas ENG"]
[Date "2019.10.13"]
[Round "4"]
[White "Aronian, Levon"]
[Black "Sevian, Samuel"]
[Result "1-0"]
[WhiteElo "2758"]
[BlackElo "2654"]
[PlyCount "93"]
[EventDate "2019.10.10"]

1. d4 Nf6 2. c4 e6 3. Nf3 d5 4. Nc3 c6 5. e3 Nbd7 6. Qc2 Bd6 7. Bd3 O-O 8. O-O
dxc4 9. Bxc4 b5 10. Be2 a6 11. Ng5 Qc7 12. e4 Bxh2+ 13. Kh1 c5 14. e5 cxd4 15.
exf6 Nxf6 16. f4 Bg3 17. Rf3 Be1 18. Bd3 h6 19. Nh7 Nxh7 20. Bxh7+ Kh8 21. Ne2
Qxc2 22. Bxc2 Bb7 23. Rf1 Rac8 24. Bd3 Bh4 25. Bd2 Bd5 26. b3 Be7 27. Rfd1 Ba3
28. Bc1 Bb4 29. Bb2 Bc3 30. Nxc3 dxc3 31. Ba3 Rfd8 32. Rac1 Bb7 33. Bb4 Rd4 34.
Bxc3 Rxf4 35. Kg1 Rg4 36. Bf1 Kg8 37. Be1 Rxc1 38. Rxc1 Rd4 39. Rc7 Bd5 40. Be2
Be4 41. Bh5 f6 42. Bf7+ Kh8 43. Bxe6 Rd1 44. Kf2 Rb1 45. Bb4 Rb2+ 46. Ke3 Bb1
47. g4 1-0

[Event "FIDE Grand Swiss Tournament 2019"]
[Site "Douglas ENG"]
[Date "2019.10.13"]
[Round "4"]
[White "Kasimdzhanov, Rustam"]
[Black "Harikrishna, Pentala"]
[Result "1/2-1/2"]
[WhiteElo "2657"]
[BlackElo "2748"]
[PlyCount "61"]
[EventDate "2019.10.10"]

1. e4 e5 2. Nf3 Nc6 3. Bc4 Bc5 4. c3 Nf6 5. d3 d6 6. O-O a6 7. a4 h6 8. Re1 O-O
9. h3 Ba7 10. Bb3 Re8 11. a5 b5 12. axb6 cxb6 13. Nbd2 b5 14. Nf1 Be6 15. Bc2
d5 16. exd5 Bxd5 17. Be3 a5 18. N3d2 Qc7 19. Bxa7 Nxa7 20. Ne3 Be6 21. Qf3 Nc6
22. Nf5 Nd4 23. Nxd4 exd4 24. c4 Bd7 25. Rxe8+ Rxe8 26. Qd1 Rb8 27. cxb5 Rxb5
28. Ba4 Rxb2 29. Bxd7 Nxd7 30. Nc4 Rb5 31. Qe1 1/2-1/2

[Event "FIDE Grand Swiss Tournament 2019"]
[Site "Douglas ENG"]
[Date "2019.10.13"]
[Round "4"]
[White "Wojtaszek, Radoslaw"]
[Black "Melkumyan, Hrant"]
[Result "1-0"]
[WhiteElo "2748"]
[BlackElo "2650"]
[PlyCount "173"]
[EventDate "2019.10.10"]

1. d4 Nf6 2. c4 e6 3. g3 d5 4. Bg2 dxc4 5. Nf3 Nc6 6. Qa4 Bb4+ 7. Bd2 Nd5 8.
Bxb4 Ndxb4 9. O-O O-O 10. a3 Nd5 11. Qxc4 Qe7 12. Nbd2 a5 13. Rac1 Rd8 14. Rfd1
Bd7 15. Nb3 Be8 16. e4 Nf6 17. d5 b5 18. Qc2 exd5 19. exd5 Nxd5 20. Nh4 Qe5 21.
Re1 Qg5 22. Nf5 a4 23. Nc5 g6 24. Nb7 Rdb8 25. Bxd5 Qxf5 26. Qxf5 gxf5 27. Nc5
Rb6 28. Nd3 Bd7 29. Nb4 Nxb4 30. Bxa8 Nd3 31. Rxc7 Nxe1 32. Rxd7 b4 33. Bd5
bxa3 34. bxa3 Rf6 35. Ra7 Nc2 36. Rxa4 Rd6 37. Bb3 Nd4 38. Bc4 Kg7 39. Kg2 f4
40. gxf4 Rg6+ 41. Kf1 Rh6 42. Ra7 Rf6 43. Rd7 Ne6 44. f5 Nc5 45. Rd5 Rc6 46.
Bb5 Rc8 47. a4 Ne4 48. Rd4 Nc3 49. Bd3 Ra8 50. Bc2 Kf6 51. Ke1 Ke5 52. Rh4 Nd5
53. Re4+ Kf6 54. Kd2 Rd8 55. Bd3 Ne7 56. Kc2 Rg8 57. a5 Rg2 58. a6 Rxf2+ 59.
Re2 Rf4 60. Be4 Nc8 61. Kd3 Rh4 62. Rc2 Rh3+ 63. Kd4 Na7 64. Bd3 Rh4+ 65. Kc5
Rh3 66. Bc4 Re3 67. Kb6 Nc8+ 68. Kc7 Na7 69. Kb8 Nc6+ 70. Kb7 Nb4 71. Rf2 Nxa6
72. Kxa6 h5 73. Kb6 h4 74. Kc6 Re4 75. Bd3 Re3 76. Bc2 Re5 77. Kd6 h3 78. Bd3
Re3 79. Rd2 Re5 80. Bc2 Ra5 81. Be4 Re5 82. Re2 Ra5 83. Bd3 Kg5 84. Re3 Kg4 85.
Ke7 Ra2 86. f6 Rxh2 87. Bf1 1-0

[Event "FIDE Grand Swiss Tournament 2019"]
[Site "Douglas ENG"]
[Date "2019.10.13"]
[Round "4"]
[White "Sarana, Alexey"]
[Black "Artemiev, Vladislav"]
[Result "1/2-1/2"]
[WhiteElo "2655"]
[BlackElo "2746"]
[PlyCount "63"]
[EventDate "2019.10.10"]

1. d4 d5 2. c4 dxc4 3. Nf3 Nf6 4. e3 c5 5. Bxc4 e6 6. O-O a6 7. b3 b6 8. Bb2
Bb7 9. Qe2 Nbd7 10. Rd1 b5 11. Bd3 cxd4 12. Nxd4 Bd6 13. a4 bxa4 14. bxa4 Qb8
15. h3 Ne5 16. Ba3 Bxa3 17. Nxa3 O-O 18. Nc4 Nxc4 19. Bxc4 Qe5 20. Rab1 Be4 21.
Rb6 Qa5 22. Rxa6 Rxa6 23. Bxa6 Qxa4 24. Bd3 Qa8 25. Bxe4 Qxe4 26. Qf3 h6 27.
Rc1 Rb8 28. Qxe4 Nxe4 29. f3 Nf6 30. Kf2 Nd5 31. Rc2 g5 32. e4 1/2-1/2

[Event "FIDE Grand Swiss Tournament 2019"]
[Site "Douglas ENG"]
[Date "2019.10.13"]
[Round "4"]
[White "Nakamura, Hikaru"]
[Black "Mamedov, Rauf"]
[Result "1/2-1/2"]
[WhiteElo "2745"]
[BlackElo "2645"]
[PlyCount "60"]
[EventDate "2019.10.10"]

1. e4 c5 2. Nf3 Nc6 3. Bb5 g6 4. O-O Bg7 5. Re1 Nf6 6. Bxc6 dxc6 7. d3 h6 8.
Nc3 Bg4 9. h3 Bxf3 10. Qxf3 Nd7 11. Qg3 e5 12. Be3 Qe7 13. a3 Nf8 14. b4 Ne6
15. bxc5 Nxc5 16. a4 Ne6 17. a5 O-O 18. Ne2 Kh7 19. Rab1 Qc7 20. f4 exf4 21.
Nxf4 b5 22. axb6 axb6 23. Qf2 b5 24. Rf1 Nxf4 25. Bxf4 Qd7 26. Be3 f5 27. exf5
Rxf5 28. Qd2 Raf8 29. Rxf5 Qxf5 30. Re1 Qd5 1/2-1/2

[Event "FIDE Grand Swiss Tournament 2019"]
[Site "Douglas ENG"]
[Date "2019.10.13"]
[Round "4"]
[White "Svidler, Peter"]
[Black "Riazantsev, Alexander"]
[Result "1/2-1/2"]
[WhiteElo "2729"]
[BlackElo "2645"]
[PlyCount "36"]
[EventDate "2019.10.10"]

1. e4 c6 2. d4 d5 3. exd5 cxd5 4. Bd3 Nc6 5. c3 Nf6 6. h3 g6 7. Bf4 Bf5 8. Be2
e6 9. Nd2 h5 10. Qb3 Bd6 11. Bg5 Rb8 12. Ngf3 Kf8 13. O-O Kg7 14. c4 Be7 15.
Bf4 Bd6 16. Bg5 Be7 17. Bf4 Bd6 18. Bg5 Be7 1/2-1/2